Statistics for NBA All-Time defenders

Click here to take the quiz!

General Stats

  • This quiz has been taken 12 times
  • The average score is 10 of 12

Answer Stats

HintAnswer% Correct
CelticsBill Russell
100%
BullsDennis Rodman
100%
RocketsHakeem Olajuwon
100%
BullsMicheal Jordan
100%
BullsScottie Pippen
100%
SupersonicsGary Payton
92%
PistonsBen Wallace
83%
Timberwolves/CelticsKevin Garnett
83%
76ers/WarriorsWilt Chamberlain
83%
Hawks/NuggetsDikembe Mutombo
75%
Raptors/ClippersKawhi Leonard
75%
GrizzliesTony Allen
8%

Score Distribution

Percentile by Number Answered

Percent of People with Each Score

Your Score History

You have not taken this quiz